F1 Podiums 2006 - Statistics

General Stats
  • This quiz has been taken 398 times
  • The average score is 11 of 13
Answer Stats
Answer % Correct
Fernando Alonso
100%
Michael Schumacher
99%
Ralf Schumacher
99%
Kimi Raikkonen
95%
Felipe Massa
92%
Jenson Button
89%
Giancarlo Fisichella
88%
Juan Pablo Montoya
82%
David Coulthard
75%
Nick Heidfeld
67%
Robert Kubica
64%
Pedro De La Rosa
59%
Nico Rosberg
58%
No matching quizzes found
Score Distribution
Percent of People with Each Score
Percentile by Number Answered
Your Score History
You have not taken this quiz